000 00362pam a2200157a 44500
008 230515b1980 xxu||||| |||| 00| 0 eng d
020 _aNULL
041 _aENGL
082 _a006.64/ SHO.
100 _aSHORT K.L.
245 _aMICRO PROCESSED AND PROGRAMMED LOGIC(PHI)
250 _a2
260 _aNULL
_bPRENT
_c1980
300 _a619 PB
650 _aNULL
999 _c618504
_d618504